000 00442pab a2200169 454500
008 180718b2013 xxu||||| |||| 00| 0 eng d
100 _aAldrich, Daniel P.
245 _aTaking the high ground: FEMA trailer sitting after Hurricane Katrina
260 _c2013
300 _ap.613-624.
362 _aJul-Aug
650 _aDisasters
700 _aCrook, Kevin
773 _aPublic Administration Review
908 _aN
909 _a100626
999 _c100625
_d100625